000 00428nam a2200157 i 4500
001 150207
003 ES-MaACL
005 20230906203423.0
007 t|
008 071029s1971 sp ||||1| spa d
100 1 _aVaca, César.
_9112357
245 1 1 _a¿Juventud a la deriva? /
_cCésar Vaca.
260 _aMadrid :
_bApostolado de la Prensa,
_c[1971]
300 _a215 p. ;
_c17 cm.
852 _aES-MaACL
_jC-40785
_bR.79943
999 _c150207
_d150207